| 000 | 00965nam a22002177a 4500 | ||
|---|---|---|---|
| 003 | UA-OsUOA | ||
| 001 | 85896 | ||
| 007 | ta | ||
| 008 | 20120720b un ||||| |||| 00| 0 ukr d | ||
| 090 |
_a82-94 _bМ34 |
||
| 942 | _cBK | ||
| 040 |
_aUA-OsUOA _bukr _cUA-OsUOA _dUA-OsUOA |
||
| 245 |
_aМатеріали ІІ Міжнародної наукової конференції "Акутальні проблеми етнічного відродження Лемківщини: родовід лемків, їхнє минуле, сучасне і майбутнє" _bдо 100-річчя від дня народження Юліана Тарновича (15 - 16 листопада 2003, м. Перечин) _cза ред. І. Щерби |
||
| 300 | _a100 с. | ||
| 955 | _a1 | ||
| 041 | _aukr | ||
| 080 | _a82-94 | ||
| 260 |
_aЛьвів _bЄвросвіт _c2005 |
||
| 650 | 7 |
_a82 Література. Літературознавство _2UDC |
|
| 999 |
_c372204 _d372204 |
||